| 000 | 00499nam a22001937a 4500 | ||
|---|---|---|---|
| 003 | MPLRDC | ||
| 005 | 20220104153633.0 | ||
| 008 | 210129b ||||| |||| 00| 0 eng d | ||
| 020 | _a988-201-822-X | ||
| 082 | _a855 LZF-9 | ||
| 100 | _a刘再复 著 | ||
| 245 |
_a沧桑百感: 漂流手记第八卷 _c |
||
| 250 | _a初版 | ||
| 260 |
_a _b天地图书有限公司 _c2004 |
||
| 300 | _b平 | ||
| 490 | _a漂流手记第八卷 | ||
| 650 | _a散文;随笔、日记 | ||
| 942 |
_cBK _o855 LZF-9 |
||
| 999 |
_c53537 _d53527 |
||